Медицинская токсикология. Т. 1: Общие вопросы (Запись № 13699207)

Подробности
000 -МАРКЕР
контрольное поле 01840nam2a2200241 4500
001 - ИДЕНТИФИКАТОР ЗАПИСИ
контрольное поле RU\NLR\BIBL_A\022793867
005 - ИДЕНТИФИКАТОР ВЕРСИИ
контрольное поле 20260527142850.0
010 ## - МЕЖДУНАРОДНЫЙ СТАНДАРТНЫЙ НОМЕР КНИГИ (ISBN)
Номер (ISBN) 978-5-9704-9684-8
Уточнения т. 1
Тираж 3000
035 ## - ДРУГИЕ СИСТЕМНЫЕ НОМЕРА
Идентификатор записи (NLR Aleph) 022793867
100 ## - ДАННЫЕ ОБЩЕЙ ОБРАБОТКИ
Данные общей обработки 20260423d2026 km y0rusy50 ca
101 0# - ЯЗЫК РЕСУРСА
Язык текста, звукозаписи и т.д. русский
102 ## - СТРАНА ПУБЛИКАЦИИ ИЛИ ПРОИЗВОДСТВА
Страна публикации Российская Федерация
105 ## - ПОЛЕ КОДИРОВАННЫХ ДАННЫХ: ТЕКСТОВЫЕ МАТЕРИАЛЫ, МОНОГРАФИЧЕСКИЕ
Кодированные данные о монографическом текстовом документе a j 001yy
200 1# - ЗАГЛАВИЕ И СВЕДЕНИЯ ОБ ОТВЕТСТВЕННОСТИ
Основное заглавие Общие вопросы
210 ## - ПУБЛИКАЦИЯ, РАСПРОСТРАНЕНИЕ И ДР.
Дата издания, распространения и т.д. 2026
215 ## - ФИЗИЧЕСКАЯ ХАРАКТЕРИСТИКА
Специфическое обозначение материала и объем 600 с., [4] л. цв. ил.
Другие сведения о физической характеристике ил., табл.
320 ## - ПРИМЕЧАНИЯ О НАЛИЧИИ В ДОКУМЕНТЕ БИБЛИОГРАФИИ / УКАЗАТЕЛЯ
Текст примечания Предм. указ.: с. 596-600
461 #0 - УРОВЕНЬ НАБОРА
Встроенное поле 001RU\NLR\BIBL_A\022793860
-- 2001#$aМедицинская токсикология$eнациональное руководство$eв двух томах$f[Бадалян Амаяк Вазгенович - доктор медицинских наук, доцент, Белова Мария Владимировна - доктор биологических наук, профессор, Бердников Геннадий Анатольевич - кандидат медицинских наук и др.]$gпод редакцией Ю. С. Гольдфарба [и др.]$vТ. 1
Системный номер (АБИС) связанной записи 13709475
Место публикации Москва
Дата публикации 2026 (печ. 2025)
Издание 2-е изд., перераб. и доп.
Первые сведения об ответственности [Бадалян Амаяк Вазгенович - доктор медицинских наук, доцент, Белова Мария Владимировна - доктор биологических наук, профессор, Бердников Геннадий Анатольевич - кандидат медицинских наук и др.]
Имя издателя, распространителя и т.д. ГЭОТАР-Медиа
Сведения, относящиеся к заглавию национальное руководство : в двух томах
Заглавие Медицинская токсикология
ISBN 978-5-9704-9686-2
Номер тома Т. 1
942 ## - ДОПОЛНИТЕЛЬНЫЕ ЭЛЕМЕНТЫ ЗАПИСИ (АБИС)
Тип экземпляра АБИС Книга
980 ## - КОЛЛЕКЦИЯ
Название коллекции Национальная библиография

Нет доступных экземпляров.